000 00560nam a2200205 4500
003 LK-CoMWRAF
005 20231109094943.0
008 230820b1996 |||||||| |||| 00| 0 eng d
020 _a0697270661
040 _aLK-CoMWRAF
_dLK-CoMWRAF
_eLK-CoMWRAF
041 _aeng
082 _a808.5
_bMAY
100 _aMayer, Lyle, V.
245 _aFundamentals of Voice and Articulation
250 _a11th ed.
260 _aBoston
_bMcGraw Hill,
_c1996
300 _axiv, 322 p. : ill. ; 28 cm.
_bGlossary and index included
650 _aVOICE CULTURE
942 _cBK
999 _c3232
_d3232